Pretensión de mera certeza en el Contencioso Administrativo Chileno: La problemática recepción de una tutela judicial meramente declarativa.
محفوظ في:
| المؤلف الرئيسي: | |
|---|---|
| التنسيق: | غير معروف |
| منشور في: |
Chile:
Editorial Hammurabi,
2024.
|
| الطبعة: | Primera edición. |
| سلاسل: | Colección Adad
|
| الموضوعات: | |
| الوسوم: |
إضافة وسم
لا توجد وسوم, كن أول من يضع وسما على هذه التسجيلة!
|
MARC
| LEADER | 00000 a2200000 4500 | ||
|---|---|---|---|
| 003 | CL-VaPUC | ||
| 005 | 20241106111737.0 | ||
| 008 | 241104t2024 ||||| |||| 00| 0 eng d | ||
| 999 | |c 445336 |d 445334 | ||
| 020 | |a 9789566234715 | ||
| 040 | |c Pontificia Universidad Católica de Valparaíso | ||
| 082 | |a 342.0683 CAR 2024 | ||
| 100 | |a Cartagena Sepúlveda, Andrea |9 892899 |e autora | ||
| 245 | |a Pretensión de mera certeza en el Contencioso Administrativo Chileno: |b La problemática recepción de una tutela judicial meramente declarativa. | ||
| 250 | |a Primera edición. | ||
| 260 | |a Chile: |b Editorial Hammurabi, |c 2024. | ||
| 300 | |a 111 páginas. | ||
| 440 | |9 893055 |a Colección Adad | ||
| 583 | |k Gabriela Rodríguez Cuevas |c 20241104 | ||
| 650 | 0 | |9 254851 |a Derecho administrativo |x Jurisprudencia |z Chile | |
| 650 | 0 | |9 634097 |a Certeza judicial |z Chile | |
| 650 | 0 | |9 698171 |a Control judicial |x Derecho administrativo |z Chile | |
| 650 | 0 | |9 255491 |a Recurso contencioso administrativo |z Chile | |
| 942 | |2 ddc |c BK | ||
| 952 | |0 0 |1 0 |2 ddc |4 0 |6 342_068300000000000_CAR_2024 |7 0 |8 A |9 597640 |a BIBDER |b BIBDER |d 2024-10-28 |e 22 |g 19433.00 |i 5663087 |o 342.0683 CAR 2024 |p 5663087 |r 2024-10-28 |t 1 |v 19433.00 |w 2024-10-28 |y BK |k DER | ||